Community Resource and Business Need Assessment in Barangay Sampaloc, Tanay, Rizal (Record no. 86217)
[ view plain ]
| 000 -LEADER | |
|---|---|
| fixed length control field | 03559nam a2200289 4500 |
| 005 - DATE AND TIME OF LATEST TRANSACTION | |
| control field | 20251015084840.0 |
| 008 - FIXED-LENGTH DATA ELEMENTS--GENERAL INFORMATION | |
| fixed length control field | 240828b |||||||| |||| 00| 0 eng d |
| 050 14 - LIBRARY OF CONGRESS CALL NUMBER | |
| Classification number | LG 221.R59 |
| Item number | T63 2024 |
| 100 1# - MAIN ENTRY--PERSONAL NAME | |
| Personal name | Torcuator, Christian Jay C. |
| 245 ## - TITLE STATEMENT | |
| Title | Community Resource and Business Need Assessment in Barangay Sampaloc, Tanay, Rizal |
| Statement of responsibility, etc. | Christian Jay C. Torcuator, Nichol John P. Casulla, Nathaniel M. Repato, Karen Mae V. Viray |
| 260 ## - PUBLICATION, DISTRIBUTION, ETC. | |
| Date of publication, distribution, etc. | 2024 |
| 300 ## - PHYSICAL DESCRIPTION | |
| Extent | xvi, 104 Leaves |
| 336 ## - CONTENT TYPE | |
| Source | rdacontent |
| Content type term | text |
| 337 ## - MEDIA TYPE | |
| Source | rdamedia |
| Media type term | unmediated |
| 338 ## - CARRIER TYPE | |
| Source | rdacontent |
| Carrier type term | volume |
| 502 ## - DISSERTATION NOTE | |
| Dissertation note | Thesis |
| Degree type | "Bachelor of Science in Business Administration Major in Marketing Management" |
| Name of granting institution | URS |
| Year degree granted | 2024 |
| 520 ## - SUMMARY, ETC. | |
| Summary, etc. | The primary aim of this study is to assess the community resource and business need of Barangay Sampaloc, Tanay, Rizal. It utilizes the descriptive method of research using a questionnaire checklist as the data-gathering instrument and involves 320 respondents who assesses the community resource and business needs in Barangay Sampaloc Tanay, Rizal. The data gathered was statistically treated using percentage, weighted mean, F-value, and P-value (Analysis of Variance) to determine the significance difference between the educational attainment, employment status and years of residency on the level of needs of identified business in the community. It revealed that the majority of the highly evident business resources in the community as evaluated by the respondents are as follows: in terms of financial resources is the availability and accessibility of grants and loans; in terms of human resources is the availability of educated or trained individuals in various fields; in terms of physical resources accessibility is the transportation facilities (e.g, roads, highways, airports) and reliability and cost of electricity and water supply were in the community. It also divulged that majority of the highly needed businesses in the community are as follows: attorney/notary public, auto repair shop, bakery/pastry shop, beauty salon/barbershop, grocery store/supermarket, medical diagnostic clinic, pharmacy/drugstore, printing/photocopying services, tailoring/sewing services and water refilling station. Furthermore, all of the variables used in this study got a verbal interpretation of highly evident in terms of resources and highly needed in terms of available business which infers that the LGU can utilize all the resources within the community and promote to the investors and local entrepreneurs the businesses that is needed in the community. Finally, the educational attainment and physical resources revealed a significant difference pertaining to the financial resources, human resources and business. On the contrary, with the physical resources, there is no significant difference. However, in terms of employment status, there is significant difference pertaining to the financial resources, human resources, physical resources and business. |
| 690 ## - LOCAL SUBJECT ADDED ENTRY--TOPICAL TERM (OCLC, RLIN) | |
| Topical term or geographic name as entry element | UN SDG 8 |
| -- | UN SDG 11 |
| -- | UN SDG 1 |
| 700 1# - ADDED ENTRY--PERSONAL NAME | |
| Personal name | Casulla, Nichol John P. |
| Relator term | Author |
| 700 1# - ADDED ENTRY--PERSONAL NAME | |
| Personal name | Repato, Nathaniel M. |
| Relator term | Author |
| 700 1# - ADDED ENTRY--PERSONAL NAME | |
| Personal name | Viray, Karen Mae V. |
| Relator term | Author |
| 700 1# - ADDED ENTRY--PERSONAL NAME | |
| Personal name | Quinto, Ma. Angela R. |
| Relator term | Degree Supervisor |
| 856 ## - ELECTRONIC LOCATION AND ACCESS | |
| Materials specified | Link to View Online |
| Uniform Resource Identifier | <a href="https://drive.google.com/drive/folders/1dBoeXNaCJC2i6hdw-Dgbc7TLq1K9J6pz?usp=drive_link">https://drive.google.com/drive/folders/1dBoeXNaCJC2i6hdw-Dgbc7TLq1K9J6pz?usp=drive_link</a> |
| 856 ## - ELECTRONIC LOCATION AND ACCESS | |
| Materials specified | Online Request for Student Unpublished Works |
| Uniform Resource Identifier | <a href="https://forms.gle/iwQgJ2wFRviEt3BA8">https://forms.gle/iwQgJ2wFRviEt3BA8</a> |
| 856 ## - ELECTRONIC LOCATION AND ACCESS | |
| Uniform Resource Identifier | <a href="https://drive.google.com/file/d/1qIgxo_C3V58-oC9IsNQe2sSBUXoWZvF3/view?usp=sharing">https://drive.google.com/file/d/1qIgxo_C3V58-oC9IsNQe2sSBUXoWZvF3/view?usp=sharing</a> |
| 942 ## - ADDED ENTRY ELEMENTS (KOHA) | |
| Source of classification or shelving scheme | Library of Congress Classification |
| Koha item type | Theses and dissertations |
| Withdrawn status | Source of classification or shelving scheme | Damaged status | Not for loan | Home library | Current library | Date acquired | Full call number | Barcode | Date last seen | Price effective from | Koha item type |
|---|---|---|---|---|---|---|---|---|---|---|---|
| Library of Congress Classification | Tanay College Library | Tanay College Library | 08/28/2024 | LG 221.R59 T63 2024 | URSTAN-UGT04861 | 08/28/2024 | 08/28/2024 | Theses and dissertations |